[Event "Match"]
[Site "www.echecsemail.com"]
[Date "2019.06.25"]
[Round "1"]
[White "Yudoka"]
[Black "Dougbeer"]
[WhiteElo "2420"]
[BlackElo "2600"]
[Result "0-1"]
[Round "1"]
1.d4 Ng8f6
2.Ng1f3 g6
3.Bc1g5 Bf8g7
4.Nb1d2 O-O
5.c3 d6
6.e4 c5
7.dxc5 dxc5
8.Bf1c4 Nb8c6
9.Qd1e2 Qd8c7
10.Qe2e3 Nc6a5
11.Bc4b3 Na5xb3
12.axb3 Nf6g4
13.Qe3e2 h6
14.Bg5h4 Rf8d8
15.O-O Ng4e5
16.Nf3xe5 Bg7xe5
17.Bh4g3 Be5xg3
18.hxg3 a5
19.Rf1d1 Bc8e6
20.Qe2b5 Ra8a6
21.Nd2f1 Rd8xd1
22.Ra1xd1 Kg7
23.Nf1e3 Qc7c6
 { time }
0-1

[Event "Tourn. n10134"]
[Site "www.echecsemail.com"]
[Date "2019.06.25"]
[Round "1"]
[White "Yudoka"]
[Black "Pdebonis"]
[WhiteElo "2360"]
[BlackElo "2720"]
[Result "0-1"]
[Round "1"]
1.d4 Ng8f6
2.Ng1f3 e6
3.c4 d5
4.Nb1c3 Bf8b4
5.cxd5 exd5
6.Bc1g5 O-O
7.e3 h6
8.Bg5h4 Bc8f5
9.Bf1d3 Bf5xd3
10.Qd1xd3 Nb8d7
11.O-O c6
12.Rf1c1 Rf8e8
13.a3 Bb4d6
14.b4 a6
15.Nc3a4 Qd8c7
16.Na4c5 Nf6e4
 { time }
0-1

[Event "Tourn. n10114"]
[Site "www.echecsemail.com"]
[Date "2019.06.25"]
[Round "1"]
[White "Tartan"]
[Black "Yudoka"]
[WhiteElo "2460"]
[BlackElo "2360"]
[Result "1-0"]
[Round "1"]
1.e4 d5
2.exd5 Qd8xd5
3.Nb1c3 Qd5a5
4.d4 c6
5.Ng1f3 Ng8f6
6.Bf1c4 Bc8f5
7.O-O e6
8.Rf1e1 Bf8b4
9.Bc1d2 O-O
10.a3 Bb4xc3
11.Bd2xc3 Qa5c7
12.Nf3e5 Nb8d7
13.Ne5xd7 Qc7xd7
14.Bc4b3 Rf8d8
15.Qd1f3 Ra8c8
16.h3 Bf5g6
17.Ra1d1 Nf6d5
18.Bc3d2 b5
19.Bd2a5  { time }
1-0

[Event "Tourn. n10164"]
[Site "www.echecsemail.com"]
[Date "2019.06.25"]
[Round "1"]
[White "Fantomas"]
[Black "Bojan"]
[WhiteElo "2230"]
[BlackElo "2050"]
[Result "1-0"]
[Round "1"]
1.c4 c5
2.g3 Nb8c6
3.Bf1g2 Qd8c7
4.Nb1c3 e6
5.Ng1f3 h6
6.b3 Bf8e7
7.Bc1b2 Be7f6
8.Nc3b5 Qc7b8
9.Qd1c2 a6
10.Nb5c3 Ng8e7
11.Nc3e4 Bf6xb2
12.Qc2xb2 Rh8g8
13.O-O Ne7f5
14.Ne4xc5 b6
15.Nc5a4 Ra8a7
16.e4 Nf5e7
17.d4 b5
18.cxb5 axb5
19.Na4c3 Bc8a6
20.Rf1e1 Nc6b4
21.Bg2f1 Ra7b7
22.a3 Nb4c6
23.d5 Nc6e5
24.Nf3d2 f6
25.f4 Ne5f7
26.b4 e5
27.f5 Ne7c8
28.Bf1e2 Ke7
29.Re1b1 Nc8d6
30.Qb2a2 Rg8c8
31.Nc3d1 Rb7c7
32.Qa2b3 Nf7g5
33.Qb3d3 Qb8b6
34.Kg2 Rc8h8
35.h4 Ng5h7
36.Nd2b3 Nd6b7
37.a4 Nb7d6
38.a5 Qb6b8
39.Nb3c5 Ba6c8
40.Rb1c1 Kd8
41.Qd3e3 Ke7
42.Be2d3 Nh7f8
43.Qe3e2 h5
44.Nd1c3 Nd6b7
45.Nc5a6 { resign }
1-0

[Event "Tourn. n10160"]
[Site "www.echecsemail.com"]
[Date "2019.06.25"]
[Round "1"]
[White "Bevittsmith"]
[Black "Francesco"]
[WhiteElo "2270"]
[BlackElo "2190"]
[Result "1-0"]
[Round "1"]
1.e4 c6
2.Nb1c3 d5
3.Ng1f3 dxe4
4.Nc3xe4 Bc8f5
5.Ne4g3 Bf5g6
6.h4 h6
7.Nf3e5 Bg6h7
8.Qd1h5 Qd8d5
9.Bf1c4 Qd5xg2
10.Qh5xf7 Kd8
11.Qf7xf8 Kc7
12.Ne5f7 { resign }
1-0

[Event "Match"]
[Site "www.echecsemail.com"]
[Date "2019.06.25"]
[Round "1"]
[White "Logout"]
[Black "Eeze"]
[WhiteElo "2090"]
[BlackElo "1930"]
[Result "1-0"]
[Round "1"]
1.e4 e5
2.Ng1f3 d6
3.Nb1c3 c6
4.Bf1c4 h6
5.O-O b5
6.Bc4e2 Bf8e7
7.d3 Ng8f6
8.b3 b4
9.Nc3a4 a5
10.Bc1e3 Nb8d7
11.c3 c5
12.cxb4 axb4
13.a3 O-O
14.axb4 cxb4
15.Qd1e1 d5
16.Be3d2 d4
17.Bd2xb4 Rf8e8
18.Bb4d2 Be7d6
19.Bd2b4 Nd7b6
20.Bb4a5 Nf6d7
21.Na4xb6 Ra8xa5
22.Nb6xc8 Ra5xa1
23.Qe1xa1 Qd8xc8
24.Rf1b1 Qc8c2
25.Qa1b2 Qc2xb2
26.Rb1xb2 Bd6b4
27.Nf3d2 Nd7b6
28.Nd2c4 Bb4c3
29.Rb2b1 Nb6d7
30.b4 f6
31.b5 Re8b8
32.b6 Nd7xb6
33.Rb1xb6 Rb8xb6
34.Nc4xb6 Bc3a5
35.Nb6d5 Ba5d8
36.Be2h5 Kh7
37.Bh5f7 g6
38.Kf1 Kg7
39.Bf7e8 f5
40.f3 h5
41.Kf2 Bd8h4
42.g3 Bh4d8
43.exf5 gxf5
44.Be8xh5 Kh6
45.Bh5f7 Kg5
46.Bf7e6 e4
47.fxe4 fxe4
48.dxe4 { resign }
1-0

[Event "Match"]
[Site "www.echecsemail.com"]
[Date "2019.06.25"]
[Round "1"]
[White "Ssharp"]
[Black "Bojan"]
[WhiteElo "2330"]
[BlackElo "2050"]
[Result "1-0"]
[Round "1"]
1.e4 e5
2.d4 exd4
3.Bf1c4 Qd8f6
4.Ng1f3 h6
5.e5 Qf6g6
6.O-O Bf8e7
7.Nf3xd4 a6
8.Nb1c3 c6
9.Bc4d3 f5
10.Bd3xf5 Qg6f7
11.Qd1d3 Be7b4
12.Bf5g6 Ng8e7
13.Bg6xf7 Kxf7
14.Qd3c4 { resign }
1-0

[Event "Tourn. n10160"]
[Site "www.echecsemail.com"]
[Date "2019.06.25"]
[Round "1"]
[White "Bojan"]
[Black "Add"]
[WhiteElo "2040"]
[BlackElo "2050"]
[Result "0-1"]
[Round "1"]
1.e4 e5
2.d3 d5
3.exd5 Qd8xd5
4.Nb1c3 Bf8b4
5.Bc1d2 Qd5d8
6.Qd1f3 Nb8c6
7.Qf3e4 Ng8f6
8.Qe4h4 Nc6d4
9.Ra1c1 Bb4e7
10.Qh4g3 Nf6g4
11.h3 Be7h4
12.Qg3xg4 Bc8xg4
13.hxg4 Bh4g5
14.Nc3e4 Bg5xd2
15.Kxd2 Qd8d7
16.c3 Nd4e6
17.g3 Qd7b5
18.Rc1c2 Qb5b6
19.f3 O-O-O
20.Ng1e2 Qb6a6
21.Ne2c1 Qa6b6
22.Ke2 h6
23.Ne4f2 Qb6c6
24.Rh1h2 Ne6d4
{ resign }
0-1

[Event "Tourn. n10123"]
[Site "www.echecsemail.com"]
[Date "2019.06.25"]
[Round "1"]
[White "Johnmcbride"]
[Black "Andychesston"]
[WhiteElo "1910"]
[BlackElo "1940"]
[Result "0-1"]
[Round "1"]
1.e4 e5
2.Ng1f3 Nb8c6
3.c3 d6
4.h3 f5
5.exf5 e4
6.Qd1e2 Bc8xf5
7.Nf3d4 Nc6xd4
8.cxd4 d5
9.Qe2b5 c6
10.Qb5xb7 Ng8e7
11.Qb7b3 Ra8b8
12.Qb3e3 Rb8b4
13.a3 Rb4c4
14.Bf1xc4 dxc4
15.Nb1c3 Ne7d5
16.Nc3xd5 cxd5
17.O-O Bf8d6
18.b4 O-O
19.Bc1b2 Qd8c7
20.g4 Bf5xg4
21.hxg4 Bd6h2
22.Kg2 Rf8f3
23.Qe3g5 Qc7d6
24.Bb2c3 Bh2f4
25.Qg5h5 g6
26.Qh5h4 g5
27.Qh4h5 Qd6e6
28.Rf1h1 Rf3xf2
29.Kxf2 e3
30.Kg2 Qe6e4
31.Kf1 e2
32.Ke1 Bf4g3

0-1

[Event "Fast Game"]
[Site "www.echecsemail.com"]
[Date "2019.06.25"]
[Round "1"]
[White "Tonino1"]
[Black "Hennie4820"]
[WhiteElo "1780"]
[BlackElo "1600"]
[Result "1-0"]
[Round "1"]
1.f4 e5
2.e4 exf4
3.Qd1f3 Nb8c6
4.c3 Ng8f6
5.d4 d5
6.e5 Nf6e4
7.Bc1xf4 Bf8e7
8.Bf1d3 f5
9.exf6 Ne4xf6
10.Ng1e2 O-O
11.O-O Nf6g4
12.h3 Ng4f6
13.Nb1d2 Be7d6
14.Bf4xd6 Qd8xd6
15.Qf3g3 Qd6xg3
16.Ne2xg3 Bc8d7
17.Ra1e1 Ra8e8
18.Ng3f5 g6
19.Nf5e3 Kg7
20.g4 Bd7e6
21.g5 Nf6h5
22.Rf1xf8 Re8xf8
{ time. }
1-0

[Event "Tourn. n10162"]
[Site "www.echecsemail.com"]
[Date "2019.06.26"]
[Round "1"]
[White "Rons"]
[Black "Fantomas"]
[WhiteElo "2640"]
[BlackElo "2230"]
[Result "1-0"]
[Round "1"]
1.e4 e6
2.d4 d5
3.Nb1c3 h6
4.Bf1d3 dxe4
5.Nc3xe4 Ng8f6
6.Ne4xf6 Qd8xf6
7.Ng1f3 Bf8d6
8.Qd1e2 O-O
9.Qe2e4 Rf8d8
10.g4 { resign }
1-0

[Event "Tourn. n10164"]
[Site "www.echecsemail.com"]
[Date "2019.06.26"]
[Round "1"]
[White "Apdash"]
[Black "Fantomas"]
[WhiteElo "2240"]
[BlackElo "2230"]
[Result "1-0"]
[Round "1"]
1.e4 d5
2.e5 d4
3.Bf1c4 Bc8f5
4.f4 Bf5e4
5.Ng1f3 e6
6.d3 Be4c6
7.O-O a5
8.a3 b5
9.Bc4a2 Bc6b7
10.f5 exf5
11.Nf3g5 Bb7d5
12.Ba2xd5 Qd8xd5
13.Rf1xf5 Ng8h6
14.Rf5f1 Bf8e7
15.Qd1e2 O-O
16.c4 Qd5c6
17.Rf1f3 Nb8d7
18.Bc1f4 bxc4
19.dxc4 Nd7c5
20.Nb1d2 Ra8d8
21.Ra1f1 Nc5e6
22.Ng5xe6 Qc6xe6
23.Rf3h3 Nh6g4
24.Qe2d3 f5
25.exf6 Ng4xf6
26.Bf4xc7 Rd8c8
27.Bc7xa5 Nf6g4
28.Qd3xh7 { resign }
1-0

[Event "Tourn. n10138"]
[Site "www.echecsemail.com"]
[Date "2019.06.26"]
[Round "1"]
[White "Yudoka"]
[Black "Pdebonis"]
[WhiteElo "2410"]
[BlackElo "2730"]
[Result "0-1"]
[Round "1"]
1.d4 Ng8f6
2.c4 e6
3.Ng1f3 b6
4.a3 Bc8b7
5.Nb1c3 d5
6.Bc1g5 Bf8e7
7.e3 O-O
8.Ra1c1 h6
9.Bg5h4 c5
10.cxd5 Nf6xd5
11.Bh4g3 Nd5xc3
12.Rc1xc3 Be7f6
13.Bf1e2 cxd4
14.exd4 Nb8c6
 { time }
0-1

[Event "Tourn. n10155"]
[Site "www.echecsemail.com"]
[Date "2019.06.26"]
[Round "1"]
[White "Apdash"]
[Black "Francesco"]
[WhiteElo "2200"]
[BlackElo "2200"]
[Result "0-1"]
[Round "1"]
1.e4 c6
2.d4 d5
3.Nb1c3 dxe4
4.Nc3xe4 Bc8f5
5.Ne4g3 Bf5g6
6.Ng1f3 e6
7.Bf1d3 Bg6xd3
8.Qd1xd3 Ng8f6
9.Bc1g5 Nb8d7
10.O-O-O Qd8a5
11.Kb1 O-O-O
12.Ng3e4 Bf8e7
13.Bg5f4 Nf6xe4
14.Qd3xe4 Nd7f6
15.Qe4e2 Nf6d5
16.Bf4g3 Nd5b4
17.a3 Nb4d5
18.c4 Nd5f6
19.Nf3e5 Rh8f8
20.Rd1d3 Qa5b6
21.c5 Qb6b5
22.Qe2c2 Nf6e4
23.Rd3b3 Qb5a4
24.Bg3f4 Rd8xd4
25.Bf4e3 Rd4d8
26.Ne5d3 Rd8d7
27.f3 Ne4f6
28.Ka2 Nf6d5
29.Be3f2 f6
30.Qc2e2 e5
31.Bf2g3 Rf8d8
32.Rh1c1 Be7f8
33.Nd3f2 Nd5f4
34.Bg3xf4 Qa4xf4
35.g3 Qf4xc1
{ resign }
0-1

[Event "Tourn. n10141"]
[Site "www.echecsemail.com"]
[Date "2019.06.27"]
[Round "1"]
[White "Libiesse"]
[Black "Esperanza"]
[WhiteElo "1860"]
[BlackElo "2060"]
[Result "1-0"]
[Round "1"]
1.d4 Ng8f6
2.c4 g6
3.Ng1f3 Bf8g7
4.Nb1c3 O-O
5.g3 d6
6.Bf1g2 Nb8d7
7.O-O c6
8.Bc1g5 e5
9.d5 h6
10.Bg5xf6 Nd7xf6
11.dxc6 bxc6
12.Qd1c2 Bc8e6
13.b3 Qd8d7
14.Ra1d1 Rf8d8
15.Rd1d2 Be6h3
16.Nf3xe5 { time. }
1-0

[Event "Match"]
[Site "www.echecsemail.com"]
[Date "2019.06.27"]
[Round "1"]
[White "Ztornad"]
[Black "Calponas"]
[WhiteElo "1960"]
[BlackElo "2060"]
[Result "0-1"]
[Round "1"]
1.d4 f5
2.Bc1g5 Ng8f6
3.Ng1f3 e6
4.a3 Bf8e7
5.Nf3e5 d6
6.Ne5f7 Kxf7
7.Nb1d2 Nb8d7
8.Bg5f4 Rh8f8
9.e3 d5
10.Nd2f3 Kg8
11.Nf3e5 Nd7xe5
12.Bf4xe5 c5
13.dxc5 Be7xc5
14.c3 a5
15.b4 axb4
16.cxb4 Bc5d6
17.Be5c3 Bc8d7
18.Bf1e2 Nf6e4
19.Bc3d4 e5
20.Bd4b2 Bd7e6
21.O-O Qd8g5
22.g3 f4
23.exf4 exf4
24.h4 Qg5f5
25.g4 Qf5f7
26.Be2f3 Bd6e7
27.h5 Ne4g5
28.Kh2 h6
29.Rf1e1 Ra8d8
30.Bb2e5 Ng5xf3
31.Qd1xf3 Be7f6
32.Be5xf6 Qf7xf6
33.Kh3 g6
34.Re1h1 gxh5
35.Kg2 hxg4
36.Qf3d3 f3
37.Kg3 Qf6f4
38.Kh4 g3
39.Kh5 Be6g4
40.Kh4 Bg4f5
41.Kh5 Bf5xd3
42.fxg3 Rf8f5
43.Kg6 Rd8d6

0-1

[Event "Tourn. n10130"]
[Site "www.echecsemail.com"]
[Date "2019.06.27"]
[Round "1"]
[White "Pariolinius"]
[Black "Picifarkinca"]
[WhiteElo "1870"]
[BlackElo "1760"]
[Result "0-1"]
[Round "1"]
1.e4 e6
2.d4 c5
3.Ng1f3 cxd4
4.Nf3xd4 a6
5.Nb1c3 Qd8c7
6.Bc1e3 Nb8c6
7.f3 Nc6xd4
8.Be3xd4 Ng8e7
9.Qd1d2 Ne7c6
10.Bd4e3 b6
11.O-O-O d6
12.Bf1e2 Bc8b7
13.Nc3a4 b5
14.Na4b6 Ra8d8
15.Be2d3 Bf8e7
16.c3 O-O
17.Qd2c2 Nc6e5
18.Bd3e2 Ne5c4
19.Nb6xc4 bxc4
20.h4 d5
21.g4 Be7c5
22.Be3xc5 Qc7xc5
23.e5 Qc5e3
24.Kb1 Qe3xe5
25.Rh1f1 Qe5c7
26.h5 e5
27.g5 Qc7e7
28.Rf1g1 Qe7c5
29.h6 Qc5e3
30.hxg7 Kxg7
31.Rg1h1 e4
32.fxe4 Qe3xe4
33.Qc2xe4 dxe4
34.Be2xc4 e3
35.Rh1h2 Rd8xd1
{ resign }
0-1

[Event "Tourn. n10138"]
[Site "www.echecsemail.com"]
[Date "2019.06.27"]
[Round "1"]
[White "Seger"]
[Black "Yudoka"]
[WhiteElo "2830"]
[BlackElo "2410"]
[Result "1-0"]
[Round "1"]
1.d4 d5
2.c4 c6
3.cxd5 cxd5
4.Bc1f4 Ng8f6
5.e3 Nb8c6
6.Nb1c3 Bc8f5
7.Qd1b3 Nc6a5
8.Qb3a4 Bf5d7
9.Bf1b5 Na5c6
10.Ng1f3 a6
11.Bb5e2 b5
12.Qa4d1 e6
13.a4 b4
14.Nc3b1 Bf8e7
15.Qd1d3  { time }
1-0

[Event "Tourn. n10146"]
[Site "www.echecsemail.com"]
[Date "2019.06.27"]
[Round "1"]
[White "Fabos12"]
[Black "Malbertan"]
[WhiteElo "1830"]
[BlackElo "2030"]
[Result "0-1"]
[Round "1"]
1.d4 f5
2.Ng1f3 Ng8f6
3.c4 d6
4.Nb1c3 Nb8d7
5.g3 e5
6.d5 e4
7.Nf3d4 Nd7e5
8.b3 Bf8e7
9.Bc1b2 O-O
10.f4 Ne5g4
11.Nd4c2 Bc8d7
12.h3 Ng4h6
13.e3 Bd7e8
14.Nc3e2 Nf6d7
 { time }
0-1

[Event "Tourn. n9950"]
[Site "www.echecsemail.com"]
[Date "2019.06.27"]
[Round "1"]
[White "Stepanpech"]
[Black "Conde7"]
[WhiteElo "2540"]
[BlackElo "2810"]
[Result "1/2-1/2"]
[Round "1"]
1.c4 Ng8f6
2.Nb1c3 e5
3.Ng1f3 Nb8c6
4.g3 d5
5.cxd5 Nf6xd5
6.Bf1g2 Nd5b6
7.O-O Bf8e7
8.a3 O-O
9.d3 Bc8e6
10.b4 a5
11.b5 Nc6d4
12.Nf3d2 c6
13.bxc6 Nd4xc6
14.Ra1b1 a4
15.Nd2f3 Be6b3
16.Qd1d2 Nb6d5
17.Nc3xd5 Qd8xd5
18.Bc1b2 Qd5b5
19.Bg2h3 f5
20.Bh3g2 Ra8d8
21.Qd2c1 Be7f6
22.Nf3d2 Bb3a2
23.Bg2xc6 bxc6
24.Rb1a1 Ba2e6
25.Ra1b1 Be6a2
26.Rb1a1 Ba2d5
27.Ra1b1 Qb5a6
28.Qc1c2 Rf8e8
29.Nd2c4 Re8e6
30.e3 f4
31.e4 Bd5xc4
32.dxc4 Bf6e7
33.Kh1 f3
34.Rf1d1 Rd8b8
35.Rd1d3 Qa6b6
36.c5 Qb6xc5
37.Rb1c1 Qc5b5
38.Bb2a1 Re6f6
39.h4 h6
40.Kh2 Rb8d8
41.Rd3e3 Kh7
42.Qc2c3 Rd8d4
43.Rc1e1 Be7d6
44.Qc3c2 Rd4c4
45.Qc2d3 Rc4c5
46.Qd3d1 Rc5c4
47.Qd1d3 Rc4c5
48.Qd3d1 Bd6e7
49.Ba1c3 Rc5c4
50.Re3d3 Be7xa3
51.Re1e3 Qb5b3
52.Qd1xb3 axb3
53.Bc3xe5 Rf6e6
54.Rd3xb3 Ba3c5
55.Re3c3 Rc4xc3
56.Be5xc3 Bc5xf2
57.Bc3a1 Re6xe4
58.Rb3xf3 Bf2c5
59.Kg2 Re4e2
60.Kh3 Re2e3
61.Rf3f7 Re3e7
62.Rf7f1 Bc5d6
63.Rf1d1 Bd6b4
64.h5 Re7a7
65.Rd1c1 Bb4d2
66.Rc1d1 Bd2b4
67.Rd1c1 Ra7a5
68.Kg2 Kg8
69.Ba1d4 Ra5d5
70.Bd4e3 Rd5d3
71.Be3b6 Rd3c3
72.Rc1xc3 Bb4xc3
73.Kf3 Kf7
74.Ke4 g5
75.Kf5 Bc3b4
76.g4 c5
77.Ke5 c4
78.Kd4 c3
79.Kd3 Ke6
80.Bb6d4 Kf7
81.Bd4xc3 Bb4xc3
{ draw }
1/2-1/2

[Event "Tourn. n10094"]
[Site "www.echecsemail.com"]
[Date "2019.06.27"]
[Round "1"]
[White "Esperanza"]
[Black "Ditto"]
[WhiteElo "1850"]
[BlackElo "1780"]
[Result "1-0"]
[Round "1"]
1.e4 e5
2.Ng1f3 Nb8c6
3.Bf1c4 Ng8f6
4.d3 Bf8c5
5.O-O d6
6.c3 Bc8g4
7.Nb1d2 Nf6d7
8.Bc4b3 a6
9.Rf1e1 Qd8f6
10.h3 h5
11.Bb3d5 Nc6d8
12.Nd2f1 c6
13.Bd5b3 Ra8b8
14.Bc1e3 a5
15.Nf1h2 Bg4e6
16.Bb3c2 b5
17.d4 exd4
18.cxd4 Bc5b6
19.d5 cxd5
20.exd5 Be6f5
21.Be3g5 Kf8
22.Bg5xf6 Nd7xf6
23.Bc2xf5 Bb6c5
24.Nh2f1 g6
25.Bf5c2 Nd8b7
26.Nf1e3 Kg7
27.Nf3d4 Bc5b4
28.Nd4c6 Rb8c8
29.Nc6xb4 axb4
30.Qd1d4 Nb7c5
31.g4 hxg4
32.Ne3xg4 Nc5d7
33.Bc2d3 Rc8b8
34.Re1e7 Kf8
35.Ra1e1 Rh8xh3
36.Ng4xf6 Nd7e5
37.Re7xe5 dxe5
38.Qd4xe5 Rb8c8
39.Bd3xb5 Kg7
40.Nf6e8 Kh6
41.Qe5h8 Kg5
42.Re1e5 Kg4
43.Bb5e2 Kf4
44.Qh8f6 { resign }
1-0

[Event "Tourn. n10133"]
[Site "www.echecsemail.com"]
[Date "2019.06.27"]
[Round "1"]
[White "Luban"]
[Black "Bigrezi"]
[WhiteElo "2190"]
[BlackElo "2160"]
[Result "1-0"]
[Round "1"]
1.d4 Ng8f6
2.c4 g6
3.e3 Bf8g7
4.Ng1f3 d5
5.Nb1c3 Bc8g4
6.h3 Bg4xf3
7.Qd1xf3 c6
8.Bf1d3 O-O
9.O-O Nb8d7
10.b3 e5
11.dxe5 Nd7xe5
12.Qf3e2 dxc4
13.Bd3xc4 Ne5xc4
14.Qe2xc4 Rf8e8
15.Bc1b2 Qd8c7
16.Nc3b5 Qc7e7
17.Nb5d4 Nf6e4
18.Rf1d1 c5
19.Bb2a3 Ra8c8
20.Ra1c1 b6
21.Nd4f3 Ne4d6
22.Qc4d5 Qe7d8
23.Qd5xd6 Bg7f8
24.Qd6xd8 Rc8xd8
25.Rd1xd8 Re8xd8
26.Ba3b2 Bf8e7
27.Kf1 Kf8
28.Ke2 Be7d6
29.Rc1d1 f5
30.Bb2e5 Bd6e7
31.Rd1xd8 Be7xd8
32.Be5b8 a6
33.Nf3e5 b5
34.Ne5d7 Ke7
35.Nd7xc5 Bd8b6
36.Nc5xa6 Kd7
37.Na6b4 Bb6c5
38.Nb4d3 Bc5f8
39.Bb8g3 Kc6
40.b4 Kd5
41.Kd2 Kc4
42.Kc2 Bf8g7
43.a3 Bg7f6
44.Nd3e5 Kd5
45.Kb3 Bf6xe5
46.Bg3xe5 h5
47.Be5f4 Kc6
48.f3 Kd5
49.a4 bxa4
50.Kxa4 Kc6
51.e4 fxe4
52.fxe4 { resign }
1-0

[Event "Tourn. n10162"]
[Site "www.echecsemail.com"]
[Date "2019.06.27"]
[Round "1"]
[White "Fantomas"]
[Black "Ssharp"]
[WhiteElo "2230"]
[BlackElo "2330"]
[Result "0-1"]
[Round "1"]
1.e4 e6
2.d4 d5
3.e5 c5
4.c3 Nb8c6
5.Ng1f3 Qd8b6
6.Qd1d2 Bc8d7
7.b3 cxd4
8.cxd4 Ra8c8
9.Bc1b2 Bf8b4
10.Nb1c3 Ng8e7
11.Bf1d3 Nc6xd4
12.Ra1c1 Nd4b5
13.O-O Nb5xc3
14.Bb2xc3 Bb4xc3
15.Rc1xc3 Rc8xc3
{ resign }
0-1

[Event "Match"]
[Site "www.echecsemail.com"]
[Date "2019.06.27"]
[Round "1"]
[White "Yudoka"]
[Black "Tarasch"]
[WhiteElo "2300"]
[BlackElo "2320"]
[Result "0-1"]
[Round "1"]
1.d4 d5
2.c4 e5
3.dxe5 d4
4.Ng1f3 Nb8c6
5.g3 Bf8b4
6.Bc1d2 Ng8e7
7.Bf1g2 Bb4xd2
8.Nb1xd2 Ne7g6
9.Nd2b3 Ng6xe5
10.Nb3xd4 Nc6xd4
11.Nf3xe5 O-O
12.e3 Nd4f5
13.Qd1c2 Qd8f6
14.Ne5f3 Bc8e6
15.O-O Rf8d8
16.Rf1d1 c5
17.Nf3d2 Ra8b8
18.Nd2e4 Qf6e7
19.b3 b6
20.Ne4c3 Rd8xd1
21.Ra1xd1 Rb8d8
22.Nc3d5 Qe7f8
23.Rd1d2 Nf5e7
24.Qc2d1 Be6xd5
25.cxd5 Ne7f5
26.Qd1c2 Nf5d6
27.a4 f5
28.e4 fxe4
29.Bg2xe4 g6
30.Qc2d3 Nd6xe4
31.Qd3xe4 Rd8e8
32.Qe4c4 Qf8d6
33.Kg2 Re8e5
34.h4 Kf7
35.Qc4f4 Qd6f6
36.Qf4h6 Re5h5
37.Qh6e3 Rh5e5
 { time }
0-1

[Event "Match"]
[Site "www.echecsemail.com"]
[Date "2019.06.28"]
[Round "1"]
[White "Ditto"]
[Black "Gambitmiau"]
[WhiteElo "1910"]
[BlackElo "1850"]
[Result "1-0"]
[Round "1"]
1.e4 Nb8c6
2.Nb1c3 e6
3.Ng1f3 Bf8b4
4.Bf1b5 Ng8e7
5.O-O O-O
6.d3 Bb4xc3
7.bxc3 a6
8.Bb5a4 b5
9.Ba4b3 Nc6a5
10.Bc1b2 Bc8b7
11.c4 bxc4
12.dxc4 Bb7xe4
13.Qd1d4 Na5xb3
14.Qd4xg7 { resign }
1-0

[Event "Tourn. n10140"]
[Site "www.echecsemail.com"]
[Date "2019.06.28"]
[Round "1"]
[White "Cal"]
[Black "Argento"]
[WhiteElo "1670"]
[BlackElo "1799"]
[Result "0-1"]
[Round "1"]
1.c4 e5
2.e4 Ng8f6
3.a3 Nb8c6
4.Nb1c3 a5
5.d3 Bf8c5
6.Bc1e3 d6
7.h3 O-O
8.Be3xc5 dxc5
9.Ng1f3 Rf8e8
10.Bf1e2 Nc6d4
11.Nf3h2 c6
12.O-O Qd8d6
13.Qd1d2 Nd4b3
14.Qd2g5 Nb3xa1
15.Nc3a4 Na1b3
16.Nh2f3 Nb3d4
17.Nf3h4 Nd4xe2
18.Kh1 Qd6xd3
19.Na4b6 Ne2g3
20.fxg3 Qd3xf1
21.Kh2 h6
22.Qg5e3 Bc8e6
23.Nb6xa8 Re8xa8
24.Qe3xc5 Ra8d8
25.Qc5xe5 Rd8d1
26.g4 Qf1g1
27.Kg3 Qg1e1
28.Kh2 Nf6xe4
29.Nh4f3 Qe1h1
{ resign }
0-1

[Event "Tourn. n10144"]
[Site "www.echecsemail.com"]
[Date "2019.06.28"]
[Round "1"]
[White "Jerome"]
[Black "Bojan"]
[WhiteElo "2189"]
[BlackElo "2150"]
[Result "1-0"]
[Round "1"]
1.e4 e5
2.Ng1f3 Nb8c6
3.Bf1b5 Qd8f6
4.Nb1c3 Ng8e7
5.O-O a6
6.Bb5a4 Nc6d4
7.Nf3xd4 exd4
8.Nc3e2 b5
9.Ba4b3 c5
10.d3 Bc8b7
11.c3 Ne7c6
12.Ne2f4 Bf8d6
13.Nf4h5 Qf6g6
14.f4 f5
15.exf5 Qg6h6
16.f6 gxf6
17.f5 dxc3
18.Bc1xh6 cxb2
19.Nh5xf6 Kd8
20.Ra1b1 Kc7
21.Nf6d5 Kb8
22.Rb1xb2 Nc6d4
23.Nd5b6 Ra8a7
24.Nb6xd7 Kc7
25.Bh6g7 Rh8g8
26.Bb3xg8 { resign }
1-0

[Event "Tourn. n10160"]
[Site "www.echecsemail.com"]
[Date "2019.06.28"]
[Round "1"]
[White "Add"]
[Black "Bevittsmith"]
[WhiteElo "2050"]
[BlackElo "2270"]
[Result "0-1"]
[Round "1"]
1.e4 e6
2.d4 d5
3.Nb1c3 Bf8b4
4.e5 c5
5.Ng1f3 cxd4
6.Qd1xd4 Nb8c6
7.Bf1b5 Qd8a5
8.Bb5xc6 bxc6
9.O-O Ng8e7
10.Nf3h4 Bb4c5
11.Qd4g4 Ne7g6
12.Nh4xg6 hxg6
13.Bc1g5 Bc8a6
14.Rf1d1 Bc5e7
15.Bg5xe7 Kxe7
16.a3 Rh8h5
17.b4 Qa5c7
18.f4 Ra8h8
19.h3 Qc7b6
20.Kh2 Qb6f2
21.Ra1c1 Rh5xh3
22.Qg4xh3 Rh8xh3
23.Kxh3 Qf2e3
{ resign }
0-1

[Event "Tourn. n10126"]
[Site "www.echecsemail.com"]
[Date "2019.06.28"]
[Round "1"]
[White "Cal"]
[Black "Pariolinius"]
[WhiteElo "1630"]
[BlackElo "1870"]
[Result "0-1"]
[Round "1"]
1.c4 Ng8f6
2.Nb1c3 g6
3.e4 d6
4.h3 Bf8g7
5.d4 O-O
6.Bc1e3 c5
7.d5 e6
8.dxe6 Bc8xe6
9.Ng1f3 Nb8c6
10.a3 Qd8b6
11.Ra1b1 Qb6c7
12.Bf1d3 Ra8d8
13.Nc3b5 Qc7b8
14.O-O a6
15.Nb5c3 Qb8c7
16.Nc3e2 Rd8b8
17.Ne2g3 Rf8e8
18.b3 Nf6d7
19.Nf3h4 Nd7e5
20.Bd3e2 Rb8d8
21.f4 Ne5d7
22.f5 Be6xf5
23.Nh4xf5 gxf5
24.Qd1d3 Nd7e5
25.Ng3xf5 Bg7f8
26.Be3g5 Ne5xd3
27.Be2xd3 Rd8d7
28.Rf1f4 Nc6e5
29.Bd3e2 Ne5g6
30.Rf4g4 Bf8g7
31.Bg5h6 Bg7xh6
32.Nf5xh6 Kg7
33.Nh6f5 Kh8
34.b4 Re8g8
35.Rb1f1 f6
36.Nf5h6 Rg8g7
37.Rf1xf6 Qc7d8
38.Rf6e6 Qd8f8
39.Rg4g5 b6
40.Rg5f5 Qf8d8
41.g3 Rd7e7
42.Rf5f6 Re7xe6
43.Rf6f7 Re6e7
44.Rf7xg7 Kxg7
45.Be2d3 Kxh6
46.h4 Ng6e5
47.Bd3e2 Re7g7
48.Kg2 Qd8xh4
{ resign }
0-1

[Event "Tourn. n10146"]
[Site "www.echecsemail.com"]
[Date "2019.06.28"]
[Round "1"]
[White "Picifarkinca"]
[Black "Malbertan"]
[WhiteElo "1830"]
[BlackElo "2030"]
[Result "0-1"]
[Round "1"]
1.b3 e5
2.Bc1b2 Nb8c6
3.g3 d5
4.Bf1g2 Bc8e6
5.d3 Bf8d6
6.a3 Ng8f6
7.Nb1d2 O-O
8.c4 d4
9.b4 Qd8d7
10.Qd1c2 a5
11.b5 Nc6d8
12.c5 Bd6e7
13.a4 Be6d5
14.f3 Nd8e6
15.Bb2a3 Nf6g4
16.Qc2b2 Ng4e3
17.Ng1h3 Ne3xg2
{ resign }
0-1

[Event "Tourn. n10164"]
[Site "www.echecsemail.com"]
[Date "2019.06.28"]
[Round "1"]
[White "Bojan"]
[Black "Apdash"]
[WhiteElo "2050"]
[BlackElo "2240"]
[Result "0-1"]
[Round "1"]
1.e4 c5
2.Nb1c3 Nb8c6
3.Ng1f3 d6
4.h3 g6
5.d4 cxd4
6.Nf3xd4 Bf8g7
7.Bf1b5 Bc8d7
8.Qd1f3 Nc6xd4
9.Bb5xd7 Qd8xd7
10.Qf3d3 Nd4e6
11.Bc1e3 Ng8f6
12.f3 a6
13.Nc3e2 Nf6h5
14.c3 Bg7e5
15.Be3f2 Nh5f4
16.Ne2xf4 Ne6xf4
17.Qd3f1 Ra8c8
18.g3 Nf4h5
19.f4 Nh5xf4
20.gxf4 Be5xf4
21.h4 Qd7a4
22.Qf1d3 Rc8c4
23.O-O Rc4xe4
24.Bf2d4 Bf4e3
25.Bd4xe3 Re4xh4
26.Rf1f2 Qa4g4
27.Rf2g2 Qg4h3
28.Kf2 O-O
29.Ra1g1 f5
30.Qd3d5 Rf8f7
31.Rg2g3 Qh3h2
32.Rg1g2 Qh2h1
33.Be3g5 Rh4e4
34.Qd5d2 f4
35.Rg3f3 e5
36.Rf3d3 h6
37.Bg5d8 Rf7d7
38.Bd8b6 Qh1h4
39.Kf3 Re4e1
40.Rg2xg6 Kf7
41.Qd2g2 Re1f1
42.Ke2 Qh4e1
{ resign }
0-1

[Event "Match"]
[Site "www.echecsemail.com"]
[Date "2019.06.28"]
[Round "1"]
[White "Karlita96"]
[Black "Whitekknight"]
[WhiteElo "1579"]
[BlackElo "1920"]
[Result "0-1"]
[Round "1"]
1.d4 d5
2.c4 e5
3.dxe5 d4
4.Ng1f3 Nb8c6
5.g3 Bf8c5
6.Bf1g2 Bc8e6
7.b3 Qd8e7
 { time }
0-1

[Event "Match"]
[Site "www.echecsemail.com"]
[Date "2019.06.28"]
[Round "1"]
[White "Jacqcrom"]
[Black "Karlita96"]
[WhiteElo "1499"]
[BlackElo "1579"]
[Result "1-0"]
[Round "1"]
1.Ng1f3 Ng8f6
2.c4 e6
3.g3 d5
4.d3 c6
5.e4 dxc4
6.e5 Nf6d7
7.dxc4 Bf8b4
8.Bc1d2  { time }
1-0

[Event "Match"]
[Site "www.echecsemail.com"]
[Date "2019.06.29"]
[Round "1"]
[White "Ern007"]
[Black "Jacqcrom"]
[WhiteElo "1499"]
[BlackElo "1499"]
[Result "1-0"]
[Round "1"]
1.d4 c6
2.e4 d5
3.Nb1c3 Ng8f6
4.e5 Nf6e4
5.Nc3xe4 dxe4
6.c3 Qd8a5
7.Bf1c4 e6
8.Ng1h3 Bf8e7
9.Qd1g4 O-O
10.Bc1h6 g6
11.Nh3g5 f5
12.exf6 Rf8xf6
13.O-O Rf6f5
14.Ng5xe6 Nb8d7
15.Ne6f4 Kh8
16.Nf4xg6 hxg6
17.Qg4xg6 Be7f8
18.Qg6g8 
1-0

[Event "Tourn. n10111"]
[Site "www.echecsemail.com"]
[Date "2019.06.29"]
[Round "1"]
[White "Yudoka"]
[Black "Tarasch"]
[WhiteElo "2300"]
[BlackElo "2320"]
[Result "0-1"]
[Round "1"]
1.d4 Ng8f6
2.c4 g6
3.Nb1c3 d5
4.Bc1f4 Bf8g7
5.Ng1f3 O-O
6.e3 e6
7.Ra1c1 c6
8.h3 Nb8d7
9.Bf1d3 Rf8e8
10.O-O dxc4
11.Bd3xc4 b5
12.Bc4d3 Bc8b7
13.Qd1e2 a6
14.Rf1d1 c5
15.Nf3e5 cxd4
16.exd4 Nd7b6
17.Bf4g5 Nb6d5
18.Nc3e4 h6
19.Bg5d2 Nf6xe4
20.Bd3xe4 Ra8c8
21.Qe2e1 Qd8d6
22.Be4b1 Rc8xc1
23.Bd2xc1 Re8c8
24.Qe1e4 Bb7a8
25.Ne5xf7 Kxf7
26.Qe4xg6 Kf8
27.Bc1xh6 Rc8c7
28.Bb1e4 Qd6e7
29.Rd1d3 Bg7xh6
30.Rd3f3 Bh6f4
31.g3 Qe7f7
32.Qg6g4 Nd5f6
 { time }
0-1